000 00638nam a2200253Ia 4500
003 OSt
005 20220918174105.0
006 a|||||r|||| 00| 0
007 ta
008 220917b |||||||| |||| 00| 0 eng d
024 _a10,373
037 _cTextual
040 _aARTS
_cARTS
_beng
041 _2eng
_aeng
082 _aQ7:4146, M8
100 _aMuhammad Imran
_942407
245 0 _aSalat-ul-Tahajjud
260 _aDelhi
_bAdam Pub India
_c1988
300 _a162p.
_ccm.
500 _aAnnexure 163-65p
650 _aRELIGION
942 _hQ7:4146, M8
_cTEXL
_2CC
999 _c151745
_d151745